000 02114nam1a2200337 i 4500
001 RU\NLR\bibl\1958279
005 20260405233043.0
035 _a(NLR Aleph) 001947329
090 _a3647440
_c3647440
100 _a20121019g20129999u y0rusy50 ca
101 0 _arus
102 _aRU
105 _a||||z |||||
200 1 _aОбщая электротехника и электроника
_eучебное пособие
_eдля студентов высших учебных заведений по специальности "Проектирование и технология радиоэлектронных средств" направления "Проектирование и технология электронных средств"
_e[очная, заочная и ускоренная формы обучения]
_fТ.И. Чернышова, Н.Г. Чернышов
_gМ-во образования и науки Рос. Федерации, Федер. гос. бюджет. образоват. учреждение высш. проф. образования "Тамб. гос. техн. ун-т"
210 _aТамбов
_cИзд-во ФГБОУ ВПО "ТГТУ"
_d2012
215 _d21
463 0 _10011956847
606 _aЭлектротехника
_jУчебные издания для высших учебных заведений
_91132267
_3RU\NLR\auth\66130670
606 _aЭлектроника
_jУчебные издания для высших учебных заведений
_9924294
_3RU\NLR\auth\6620569
686 _aЗ2я73-1
686 _aЗ85я73-1
700 1 _4070
_7ca
_8rus
_aЧернышова
_bТ. И.
_cд-р техн. наук
_gТатьяна Ивановна
_956863
_3RU\NLR\auth\7773935
701 1 _4070
_7ca
_8rus
_aЧернышов
_bН. Г.
_cканд. техн. наук
_gНиколай Генрихович
_989743
_3RU\NLR\auth\77106818
801 0 _aRU
_bNLR
_c20121019
_gRCR
801 1 _aRU
_bNLR
_c20121019
830 _aавт. по кн.
852 _aNLR
_j2012-4/9177
942 _cBOOK
980 _aNBR